[Event "Ïåðâåíñòâî Ìîñêâû ïî øàõìàòàì 2015 ñðåäè"]
[Site "Moscow"]
[Date "2015.11.19"]
[Round "8.9"]
[White "Ìèøóðèñ, Ìàòâåé."]
[Black "Ëåâêèí, Ëåâ."]
[Result "1-0"]
[WhiteElo "1693"]
[BlackElo "1734"]
[PlyCount "115"]
[EventDate "2015.11.12"]

1. c4 Nf6 2. Nc3 e5 3. g3 d5 4. cxd5 Nxd5 5. Bg2 Nb6 6. Nf3 Nc6 7. O-O Be7 8.
d3 O-O 9. a3 Be6 10. b4 a5 11. b5 Nd4 12. Nd2 Bd5 13. Bb2 Bxg2 14. Kxg2 Nd5 15.
a4 Bb4 16. Rc1 Nf5 17. Nxd5 Qxd5+ 18. Nf3 Nd4 19. Bxd4 exd4 20. Rxc7 Bc5 21.
Qc2 b6 22. Qc4 Qxc4 23. dxc4 Rfe8 24. Re1 Rad8 25. Kf1 Rd6 26. Rd1 Red8 27. Rc6
f6 28. Rxd6 Rxd6 29. Ne1 Bb4 30. Nd3 Bc3 31. c5 bxc5 32. Nxc5 Bb4 33. Nb3 Bc3
34. Rd3 Rd8 35. e3 Rc8 36. exd4 Rc4 37. d5 Bb4 38. d6 Rc8 39. d7 Rd8 40. Rd5
Kf7 41. Nd4 Be7 42. Nc6 Ke6 43. Rd1 Rxd7 44. Rxd7 Kxd7 45. Nxe7 Kxe7 46. Ke2
Kd6 47. Kd3 Kd5 48. h3 g6 49. f3 h6 50. h4 f5 51. Kc3 Kc5 52. Kd3 Kd5 53. Ke3
Ke5 54. b6 Kd6 55. Kd4 Kc6 56. b7 Kxb7 57. Ke5 Kc6 58. Kf6 1-0

[Event "Ïåðâåíñòâî Ìîñêâû ïî øàõìàòàì 2015 ñðåäè"]
[Site "Moscow"]
[Date "2015.11.19"]
[Round "8.10"]
[White "Àõìåòøèí, Àëåêñàíäð."]
[Black "Ìèíüêî, Äìèòðèé."]
[Result "1-0"]
[WhiteElo "1617"]
[BlackElo "1903"]
[PlyCount "139"]
[EventDate "2015.11.12"]

1. e4 e5 2. Nf3 Nc6 3. d4 exd4 4. Nxd4 Bc5 5. Be3 Qf6 6. c3 Nge7 7. Bc4 O-O 8.
O-O Qg6 9. Nxc6 Qxc6 10. Bxc5 Qxc5 11. Qd4 Qxd4 12. cxd4 d6 13. Nc3 a6 14. Rac1
Be6 15. Bxe6 fxe6 16. d5 e5 17. Ne2 Rac8 18. f4 Ng6 19. f5 Ne7 20. g4 c6 21.
dxc6 bxc6 22. Nc3 d5 23. exd5 cxd5 24. Rfe1 e4 25. Rcd1 Rfd8 26. Kf2 Kf7 27.
Ke3 Rb8 28. Re2 Rb4 29. Kf4 e3+ 30. Kf3 d4 31. Ne4 Nc6 32. a3 Ne5+ 33. Kf4 Rb5
34. Ng5+ Kf6 35. Ne6 Rd7 36. g5+ Kf7 37. Rxd4 Rxd4+ 38. Nxd4 Rc5 39. Rxe3 Nd7
40. Rc3 Rd5 41. Ke4 Re5+ 42. Kf4 Rd5 43. Nf3 g6 44. f6 Rf5+ 45. Kg4 h5+ 46. Kh4
Nc5 47. b4 Ne6 48. Re3 Rf4+ 49. Kh3 Kf8 50. Rxe6 Rxf3+ 51. Kg2 Rxa3 52. Rb6 a5
53. Rb8+ Kf7 54. Rb7+ Kf8 55. bxa5 Rxa5 56. h4 Ra4 57. Kg3 Ra3+ 58. Kf4 Ra4+
59. Ke5 Rxh4 60. Rb8+ Kf7 61. Rb7+ Kf8 62. Rg7 Rh1 63. Rxg6 h4 64. Rh6 Rg1 65.
Kf5 Rh1 66. Kg6 Ke8 67. f7+ Ke7 68. Rh8 Rf1 69. Re8+ Kd7 70. f8=Q 1-0

[Event "Ïåðâåíñòâî Ìîñêâû ïî øàõìàòàì 2015 ñðåäè"]
[Site "Moscow"]
[Date "2015.11.19"]
[Round "8.11"]
[White "Êèðååâ, Èãîðü."]
[Black "Ñóááîòèí, Ìóðàò."]
[Result "1-0"]
[WhiteElo "1563"]
[BlackElo "1862"]
[PlyCount "101"]
[EventDate "2015.11.12"]

1. e4 e5 2. Nf3 Nc6 3. Bc4 Bc5 4. c3 Nf6 5. d4 exd4 6. cxd4 Bb4+ 7. Bd2 Nxe4 8.
Bxb4 Nxb4 9. Bxf7+ Kxf7 10. Qb3+ Kf8 11. Qxb4+ Qe7 12. Qxe7+ Kxe7 13. Nc3 Nxc3
14. bxc3 d6 15. Kd2 Be6 16. Rhe1 Kd7 17. a3 Bd5 18. Re3 Rae8 19. Ne1 Rxe3 20.
fxe3 Rf8 21. Kd3 c5 22. c4 Be6 23. d5 Bg4 24. h3 Bh5 25. g4 Bg6+ 26. Ke2 Be4
27. Ra2 b5 28. Rb2 a6 29. a4 b4 30. a5 h5 31. Nd3 hxg4 32. hxg4 Bf3+ 33. Ke1
Bxg4 34. Rg2 Bh5 35. Rxg7+ Rf7 36. Rg8 Kc7 37. Nf4 Bf3 38. Ra8 Kb7 39. Rd8 Rxf4
40. exf4 Kc7 41. Re8 Bg4 42. Re7+ Kd8 43. Ra7 Bf5 44. Rxa6 Kc7 45. Rc6+ Kd7 46.
a6 b3 47. Rb6 Bc2 48. a7 Kc7 49. Rb8 b2 50. Rxb2 Bb3 51. a8=Q 1-0

[Event "Ïåðâåíñòâî Ìîñêâû ïî øàõìàòàì 2015 ñðåäè"]
[Site "Moscow"]
[Date "2015.11.19"]
[Round "8.12"]
[White "×åðâîíåíêèñ, Áîðèñ."]
[Black "Ïëàêñèí, Èãîðü."]
[Result "1/2-1/2"]
[WhiteElo "1766"]
[BlackElo "1516"]
[PlyCount "41"]
[EventDate "2015.11.12"]

1. e4 e5 2. Bc4 Nf6 3. d3 Bc5 4. Nc3 d6 5. f4 Be6 6. Bxe6 fxe6 7. fxe5 dxe5 8.
Nf3 Nc6 9. Na4 Qd6 10. Nxc5 Qxc5 11. Qe2 O-O-O 12. Be3 Nd4 13. Bxd4 exd4 14.
O-O-O Rhf8 15. h3 Nh5 16. Qe1 Nf4 17. Qd2 Nh5 18. Qe1 Nf4 19. Qd2 Nh5 20. Qe1
Nf4 21. Qd2 1/2-1/2

[Event "Ïåðâåíñòâî Ìîñêâû ïî øàõìàòàì 2015 ñðåäè"]
[Site "Moscow"]
[Date "2015.11.19"]
[Round "8.13"]
[White "Çàéöåâ, Þðèé."]
[Black "Áåëèêîâ, Ñåìåí."]
[Result "1/2-1/2"]
[WhiteElo "1554"]
[BlackElo "1724"]
[PlyCount "56"]
[EventDate "2015.11.12"]

1. e4 e5 2. Nf3 Nc6 3. Bc4 Nf6 4. Ng5 d5 5. exd5 Na5 6. Bb5+ c6 7. dxc6 bxc6 8.
Be2 h6 9. Nf3 e4 10. Ne5 Bc5 11. O-O Qd4 12. Ng4 Bxg4 13. Bxg4 e3 14. Bh3 exf2+
15. Kh1 O-O 16. c3 Qd3 17. b4 Rfe8 18. bxc5 Qxf1+ 19. Qxf1 Re1 20. g3 Rae8 21.
Na3 Ne4 22. Kg2 Rxf1 23. Kxf1 Nxc5 24. Kxf2 Nd3+ 25. Kf3 Ne1+ 26. Kf2 Nd3+ 27.
Kf3 Ne1+ 28. Kf2 Nd3+ 1/2-1/2

[Event "Ïåðâåíñòâî Ìîñêâû ïî øàõìàòàì 2015 ñðåäè"]
[Site "Moscow"]
[Date "2015.11.19"]
[Round "8.14"]
[White "Ëóêüÿíåíêî, Àðòåìèé."]
[Black "Áîãåð, Þðèé."]
[Result "1/2-1/2"]
[WhiteElo "1711"]
[BlackElo "1321"]
[PlyCount "47"]
[EventDate "2015.11.12"]

1. Nf3 d5 2. d4 Nf6 3. e3 e6 4. Be2 Be7 5. O-O O-O 6. b3 b6 7. Bb2 Bb7 8. c4
dxc4 9. bxc4 Nbd7 10. Nc3 c5 11. Qb3 Qc7 12. d5 Ne8 13. Nb5 Qc8 14. e4 a6 15.
Na3 Qc7 16. Bd3 e5 17. Nc2 Nd6 18. Ne3 h6 19. Ng4 Rae8 20. Nd2 f5 21. Ne3 f4
22. Nc2 Kh7 23. Nf3 g5 24. h3 {äàëåå íåðàçáîð~~èâî} 1/2-1/2

[Event "Ïåðâåíñòâî Ìîñêâû ïî øàõìàòàì 2015 ñðåäè"]
[Site "Moscow"]
[Date "2015.11.19"]
[Round "8.15"]
[White "Ìàêñèìåíêî, Àðñåíèé."]
[Black "Àí÷èêîâ, Âëàäèìèð."]
[Result "0-1"]
[WhiteElo "1451"]
[BlackElo "1691"]
[PlyCount "122"]
[EventDate "2015.11.12"]

1. e4 e5 2. Nf3 Nc6 3. Bc4 Bc5 4. c3 Nf6 5. d3 d6 6. Nbd2 O-O 7. Bb3 Bb6 8. Nf1
Re8 9. Ng3 Ne7 10. O-O Ng6 11. Re1 Be6 12. d4 Bxb3 13. axb3 h6 14. Qd3 Nf4 15.
Bxf4 exf4 16. Nf5 c6 17. e5 dxe5 18. Nxe5 Bc7 19. Rad1 Bxe5 20. dxe5 Qxd3 21.
Rxd3 Nd5 22. c4 Nb6 23. Rf3 Rad8 24. h3 Rd2 25. Rxf4 g5 26. Rf3 Kh7 27. c5 Nc8
28. Kh2 Rd5 29. Nd6 Nxd6 30. cxd6 Kg7 31. Rfe3 Kg6 32. g4 f6 33. exf6 Rxe3 34.
Rxe3 Rxd6 35. Re7 Rxf6 36. Kg3 Rf7 37. Rxf7 Kxf7 38. f4 gxf4+ 39. Kxf4 Kf6 40.
h4 a5 41. Ke4 b6 42. Kd4 Ke6 43. Kc4 Ke5 44. b4 axb4 45. Kxb4 Kf4 46. g5 hxg5
47. hxg5 Kxg5 48. Kc4 Kf4 49. Kd4 Kf5 50. b4 Ke6 51. b5 cxb5 52. Kc3 Kd5 53.
Kb4 Kc6 54. Kb3 Kc5 55. Kc3 b4+ 56. Kb3 Kb5 57. Kb2 Kc4 58. Kc2 b3+ 59. Kb1 Kc3
60. Kc1 b2+ 61. Kb1 b5 0-1

[Event "Ïåðâåíñòâî Ìîñêâû ïî øàõìàòàì 2015 ñðåäè"]
[Site "Moscow"]
[Date "2015.11.19"]
[Round "8.16"]
[White "Äìèòðèåâ, Ëåîíèä."]
[Black "Öûìáàë, Åâãåíèé."]
[Result "1/2-1/2"]
[WhiteElo "1475"]
[BlackElo "1628"]
[PlyCount "107"]
[EventDate "2015.11.12"]

1. d4 Nf6 2. c4 g6 3. Nc3 Bg7 4. e4 d6 5. f3 O-O 6. Bd3 Nh5 7. Nge2 e5 8. Be3
f5 9. exf5 gxf5 10. Qc2 Kh8 11. O-O-O Nc6 12. d5 Nb4 13. Qd2 Nxd3+ 14. Qxd3 f4
15. Bf2 Bf5 16. Ne4 Bg6 17. N2c3 Nf6 18. Qe2 Nxe4 19. Nxe4 a5 20. Qe1 Qd7 21.
Qc3 b5 22. cxb5 Qxb5 23. Qd3 Qb4 24. Qc3 Bxe4 25. Qxb4 axb4 26. fxe4 Rxa2 27.
Kc2 Ra6 28. Ra1 Rfa8 29. Rxa6 Rxa6 30. Kb3 c5 31. dxc6 Rxc6 32. Be1 d5 33. exd5
Rc5 34. Bxb4 Rxd5 35. Re1 Kg8 36. Kc4 Rd4+ 37. Kb3 Kf7 38. Bc3 Rd5 39. Kc4 Ke6
40. b4 Bf8 41. Ra1 Rd6 42. b5 Kf5 43. Ra7 Ke4 44. Rxh7 Rg6 45. Rf7 Bd6 46. Rd7
Bf8 47. Rd2 Ke3 48. Rb2 Bd6 49. Kd5 Bb8 50. Bb4 Rh6 51. h3 Rg6 52. Bc5+ Kd3 53.
b6 e4 54. Rb3+ 1/2-1/2

[Event "Ïåðâåíñòâî Ìîñêâû ïî øàõìàòàì 2015 ñðåäè"]
[Site "Moscow"]
[Date "2015.11.19"]
[Round "8.17"]
[White "Ñîëîâüåâ, Âëàäèñëàâ."]
[Black "Òèøêèí, Áîðèñ."]
[Result "1/2-1/2"]
[WhiteElo "1692"]
[BlackElo "1390"]
[PlyCount "115"]
[EventDate "2015.11.12"]

1. e4 c5 2. c3 Nc6 3. d4 cxd4 4. cxd4 e6 5. Nf3 Nf6 6. Nc3 Bb4 7. Bd3 O-O 8.
O-O d6 9. Bg5 h6 10. Be3 Ng4 11. Bd2 f5 12. exf5 exf5 13. Bb5 Kh8 14. Qa4 Bxc3
15. bxc3 Bd7 16. d5 Nce5 17. Bxd7 Qxd7 18. Qxd7 Nxd7 19. Bf4 Nge5 20. Nd4 g5
21. Bc1 Nb6 22. f4 gxf4 23. Bxf4 Nxd5 24. Bxh6 Rf6 25. Nxf5 Kh7 26. Bg5 Re6 27.
Bd2 Rc8 28. Nd4 Rg6 29. Rab1 b6 30. Rb3 Nc4 31. Rf2 Rc5 32. Rb5 Nxd2 33. Rxc5
dxc5 34. Rxd2 cxd4 35. Rxd4 Ne3 36. Kf2 Ng4+ 37. Kg1 Rg7 38. h3 Ne3 39. Rd2 Nc4
40. Rd4 Rc7 41. Kf2 Na3 42. Ra4 Nb5 43. c4 Nd6 44. Ke3 Nxc4+ 45. Kd4 b5 46. Rb4
Na3 47. Kd5 Rc2 48. Rh4+ Kg6 49. Rg4+ Kh5 50. Rg7 a5 51. g4+ Kh6 52. Ra7 a4 53.
Ke6 Rxa2 54. h4 Re2+ 55. Kf7 Rf2+ 56. Kg8 Kg6 57. Rg7+ Kh6 58. Rh7+ 1/2-1/2

[Event "Ïåðâåíñòâî Ìîñêâû ïî øàõìàòàì 2015 ñðåäè"]
[Site "Moscow"]
[Date "2015.11.19"]
[Round "8.18"]
[White "Ñìåëûõ, Ýäâèí."]
[Black "Èâàíîâ, Ñòåïàí."]
[Result "0-1"]
[WhiteElo "1381"]
[BlackElo "1381"]
[PlyCount "108"]
[EventDate "2015.11.12"]

1. e4 e6 2. d4 d5 3. Nc3 Nf6 4. e5 Nfd7 5. Nce2 c5 6. c3 Nc6 7. Nf3 f6 8. exf6
Nxf6 9. Nf4 cxd4 10. cxd4 Bb4+ 11. Bd2 Qa5 12. Bxb4 Qxb4+ 13. Qd2 Qxd2+ 14.
Kxd2 Ne4+ 15. Ke3 Rf8 16. Nd3 Nd6 17. Nde5 Nf5+ 18. Kd3 Nfxd4 19. Nxc6 Nxc6 20.
Re1 h6 21. h4 Bd7 22. Be2 Rc8 23. a3 e5 24. Kd2 e4 25. Bb5 Kd8 26. Bxc6 bxc6
27. Ne5 Rxf2+ 28. Re2 Rxe2+ 29. Kxe2 Rb8 30. Rb1 Ke7 31. Ng6+ Kf6 32. Nf4 Bf5
33. Nh5+ Kg6 34. Nf4+ Kf7 35. b4 g5 36. hxg5 hxg5 37. Nh3 Bxh3 38. gxh3 Rh8 39.
Rh1 Ke6 40. Rc1 Kd6 41. Rc3 Rh6 42. Rg3 Rh5 43. a4 a6 44. Kd2 Ke5 45. Rc3 Rh6
46. Rg3 Kf4 47. Rb3 Ke5 48. Rg3 Kf4 49. Rb3 d4 50. b5 axb5 51. axb5 cxb5 52.
Rb4 Rxh3 53. Rxd4 Rd3+ 54. Rxd3 exd3 0-1

[Event "Ïåðâåíñòâî Ìîñêâû ïî øàõìàòàì 2015 ñðåäè"]
[Site "Moscow"]
[Date "2015.11.19"]
[Round "8.19"]
[White "Êàðëîâ, Åãîð."]
[Black "Ãåðàñèìîâ, Âàäèì."]
[Result "1-0"]
[WhiteElo "1681"]
[BlackElo "1299"]
[PlyCount "49"]
[EventDate "2015.11.12"]

1. e4 c5 2. Nf3 d6 3. d4 cxd4 4. Nxd4 Nf6 5. Nc3 g6 6. Be3 Bg7 7. f3 O-O 8. Qd2
Nc6 9. g4 Bd7 10. O-O-O Rc8 11. h4 h5 12. gxh5 Nxh5 13. Be2 Qa5 14. Kb1 Ng3 15.
Rhg1 Nxe2 16. Qxe2 Ne5 17. h5 gxh5 18. Bh6 Ng6 19. Rg5 Qb6 20. Bxg7 Kxg7 21.
Nd5 Qd8 22. Nf5+ Bxf5 23. exf5 Kh6 24. Qe3 Rg8 25. Rxg6+ 1-0

[Event "Ïåðâåíñòâî Ìîñêâû ïî øàõìàòàì 2015 ñðåäè"]
[Site "Moscow"]
[Date "2015.11.19"]
[Round "8.20"]
[White "Ùåðáàêîâ, Ìèõàèë."]
[Black "Àáäóðàèìîâ, Ýñìåò."]
[Result "1-0"]
[WhiteElo "1485"]
[BlackElo "1688"]
[PlyCount "55"]
[EventDate "2015.11.12"]

1. e4 e5 2. d4 exd4 3. Qxd4 Nc6 4. Qe3 Nf6 5. Nc3 Nb4 6. Bd3 b6 7. Bd2 Bc5 8.
Qe2 O-O 9. O-O-O Re8 10. a3 Nc6 11. Be3 Bxe3+ 12. fxe3 Ne5 13. Nf3 Bb7 14. Ba6
Bxa6 15. Qxa6 Neg4 16. Qe2 Nxe4 17. Nxe4 Rxe4 18. Nd2 Ra4 19. b3 Rxa3 20. Kb2
Ra5 21. Qxg4 Rd5 22. Qf3 c6 23. Ne4 Qe7 24. Rxd5 cxd5 25. Nc3 Rc8 26. Nxd5 Qe5+
27. Kb1 Rc5 28. Nxb6 1-0

[Event "Ïåðâåíñòâî Ìîñêâû ïî øàõìàòàì 2015 ñðåäè"]
[Site "Moscow"]
[Date "2015.11.19"]
[Round "8.21"]
[White "Êóðóñü, Àðòåì."]
[Black "Èâàíîâ-×åðíåö, Êèðèëë."]
[Result "1/2-1/2"]
[WhiteElo "1630"]
[BlackElo "1491"]
[PlyCount "98"]
[EventDate "2015.11.12"]

1. d4 Nf6 2. c4 g6 3. Nc3 Bg7 4. Bg5 O-O 5. Nf3 d6 6. e3 Nbd7 7. Be2 h6 8. Bh4
c5 9. O-O a6 10. Rc1 g5 11. Bg3 cxd4 12. Nxd4 Nc5 13. h3 Nfe4 14. Nxe4 Nxe4 15.
Bh2 Qb6 16. Rc2 Nc5 17. Bf3 e5 18. Ne2 e4 19. Bg4 Bxg4 20. hxg4 Nd3 21. Nc1
Nxc1 22. Qxc1 Rac8 23. Rd1 Rfd8 24. Rcd2 Rc6 25. b3 Qb4 26. Qb1 Bc3 27. Rd5 Qa3
28. Qxe4 Qxa2 29. Qe7 Rf8 30. Qxb7 Rcc8 31. Rxd6 Rb8 32. Rg6+ fxg6 33. Bxb8
Qxf2+ 34. Kh1 Qh4+ 35. Bh2 Qxg4 36. Qd5+ Kg7 37. Qd7+ Qxd7 38. Rxd7+ Rf7 39.
Rxf7+ Kxf7 40. Kg1 Ke6 41. Kf2 Bb4 42. e4 h5 43. Kf3 Bc5 44. g4 h4 45. Kg2 a5
46. Bc7 Bb4 47. Bd8 Bd2 48. Bc7 Bb4 49. Bd8 Bd2 1/2-1/2

[Event "Ïåðâåíñòâî Ìîñêâû ïî øàõìàòàì 2015 ñðåäè"]
[Site "Moscow"]
[Date "2015.11.19"]
[Round "8.22"]
[White "Î÷èðîâ, Ëèäæè."]
[Black "Ãîðíîñòàåâ, ßêîâ."]
[Result "1-0"]
[WhiteElo "1605"]
[BlackElo "1452"]
[PlyCount "107"]
[EventDate "2015.11.12"]

1. e4 e6 2. d4 d5 3. e5 c5 4. c3 Nc6 5. Nf3 Qb6 6. Be2 Bd7 7. O-O Nge7 8. dxc5
Qxc5 9. Be3 Qa5 10. Nbd2 Qc7 11. Bd4 Ng6 12. Qb3 b6 13. c4 Nxd4 14. Nxd4 Qxe5
15. N2f3 Qc7 16. cxd5 exd5 17. Qxd5 Rc8 18. Ng5 Qf4 19. Bb5 Rd8 20. Rfe1+ Be7
21. Bxd7+ Rxd7 22. Qa8+ Rd8 23. Qc6+ Rd7 24. Ngf3 Qc7 25. Qxc7 Rxc7 26. Nb5 Rd7
27. Rac1 O-O 28. a3 Bf6 29. Rc2 Rfd8 30. g3 a5 31. Nc3 Rc8 32. Rec1 Rdc7 33.
Ne1 Bg5 34. f4 Bf6 35. Nd5 Bd4+ 36. Kg2 Rxc2+ 37. Rxc2 Rxc2+ 38. Nxc2 Bxb2 39.
Nxb6 Kf8 40. Kf3 Ke7 41. Ke4 h5 42. Nc4 Bf6 43. Nxa5 h4 44. Nc4 Nf8 45. g4 g5
46. fxg5 Bxg5 47. Nd4 Kf6 48. a4 Nd7 49. a5 Kg6 50. Ne5+ Nxe5 51. Kxe5 Bd8 52.
a6 Bb6 53. h3 Bc7+ 54. Ke4 1-0

[Event "Ïåðâåíñòâî Ìîñêâû ïî øàõìàòàì 2015 ñðåäè"]
[Site "Moscow"]
[Date "2015.11.19"]
[Round "8.23"]
[White "Äóíàåâ, Äåíèñ."]
[Black "Íèêóëüøèí, Àëåêñåé."]
[Result "1-0"]
[WhiteElo "1594"]
[BlackElo "1440"]
[PlyCount "105"]
[EventDate "2015.11.12"]

1. e4 e6 2. d4 d5 3. Bd3 dxe4 4. Bxe4 Nf6 5. Bf3 c5 6. Ne2 cxd4 7. Qxd4 Qxd4 8.
Nxd4 Bd6 9. O-O O-O 10. Re1 a6 11. Nc3 Rd8 12. Nb3 Nbd7 13. Be3 Ne5 14. Be2
Neg4 15. Bxg4 Nxg4 16. h3 Nxe3 17. Rxe3 Bd7 18. Rd3 Bc6 19. Na5 Rac8 20. Nxc6
Rxc6 21. Rad1 Kf8 22. Ne4 Ke7 23. Kf1 Bc7 24. Rxd8 Bxd8 25. c3 Rb6 26. b3 Rc6
27. c4 f5 28. Ng5 h6 29. Nf3 Rd6 30. Rd2 Rxd2 31. Nxd2 Kd6 32. Ke2 Kc5 33. Kd3
Kd6 34. f3 Ba5 35. a3 Bxd2 36. Kxd2 Kc5 37. Kc3 e5 38. b4+ Kc6 39. Kd3 g5 40.
g4 fxg4 41. hxg4 b6 42. Ke4 Kd6 43. Kf5 a5 44. Kg6 e4 45. fxe4 Ke5 46. Kxh6
Kxe4 47. Kxg5 Kd4 48. Kf4 Kxc4 49. bxa5 bxa5 50. g5 Kb3 51. g6 Kxa3 52. g7 Kb2
53. g8=Q 1-0

[Event "Ïåðâåíñòâî Ìîñêâû ïî øàõìàòàì 2015 ñðåäè"]
[Site "Moscow"]
[Date "2015.11.19"]
[Round "8.24"]
[White "Ñàõèí, Ëåîíèä."]
[Black "Êóæåëåâ, Òèìóð."]
[Result "1-0"]
[WhiteElo "1421"]
[BlackElo "1594"]
[PlyCount "62"]
[EventDate "2015.11.12"]

1. e4 e5 2. Nf3 d5 3. exd5 e4 4. Qe2 Nf6 5. d3 Qxd5 6. Nbd2 Be7 7. dxe4 Qd8 8.
Qe3 O-O 9. Bc4 Be6 10. Bxe6 fxe6 11. Qb3 Qd7 12. Qxb7 Nc6 13. Qb3 Rab8 14. Qc4
Rb4 15. Qe2 Ng4 16. c3 Rbb8 17. Nc4 Bc5 18. O-O Rbd8 19. Bg5 Rb8 20. Rad1 Qf7
21. h3 Nf6 22. Nfe5 Nxe5 23. Nxe5 Qe7 24. Nc6 Qf7 25. Nxb8 Rxb8 26. b4 Be7 27.
Bf4 Rc8 28. Qe3 c5 29. a3 Qg6 30. Rfe1 Nh5 31. Rd7 Bh4 1-0

[Event "Ïåðâåíñòâî Ìîñêâû ïî øàõìàòàì 2015 ñðåäè"]
[Site "Moscow"]
[Date "2015.11.19"]
[Round "8.25"]
[White "Èâàíîâ, Èëüÿ."]
[Black "Æóê, Êèðèëë."]
[Result "1-0"]
[WhiteElo "1544"]
[BlackElo "1351"]
[PlyCount "75"]
[EventDate "2015.11.12"]

1. d4 d5 2. c4 e6 3. Nc3 Nf6 4. Bf4 dxc4 5. e3 Nd5 6. Bxc4 Nxf4 7. exf4 c6 8.
Nf3 Nd7 9. O-O Be7 10. Ne5 Nf6 11. f5 Nd5 12. fxe6 Bxe6 13. Nxd5 Bxd5 14. Bxd5
Qxd5 15. Re1 Bb4 16. Re3 Be7 17. Qe2 Qd6 18. Re1 O-O 19. Nc4 Qxd4 20. Rxe7 b6
21. Qe4 Qf6 22. Qe5 Qh4 23. Qe4 Qf6 24. Rc7 c5 25. Re7 h6 26. h3 Rad8 27. Qe5
Qc6 28. Qf5 Rde8 29. Rxe8 Rxe8 30. Rxe8+ Qxe8 31. Nd6 Qe7 32. Qc8+ Kh7 33. Qc6
Qe1+ 34. Kh2 Qe5+ 35. g3 Qf6 36. Qe4+ g6 37. Qf4 Qxf4 38. gxf4 1-0

[Event "Ïåðâåíñòâî Ìîñêâû ïî øàõìàòàì 2015 ñðåäè"]
[Site "Moscow"]
[Date "2015.11.19"]
[Round "8.26"]
[White "Æåðäåâ, Ñâÿòîñëàâ."]
[Black "Ïàâëîâ, Èâàí."]
[Result "1/2-1/2"]
[WhiteElo "1519"]
[BlackElo "1394"]
[PlyCount "80"]
[EventDate "2015.11.12"]

1. e4 e6 2. d3 d5 3. Nd2 c5 4. Ngf3 b6 5. exd5 exd5 6. d4 c4 7. Be2 Nf6 8. O-O
Bd6 9. Re1 O-O 10. Ne5 Bb7 11. Bf1 Nc6 12. Ndf3 Re8 13. Bf4 Qc7 14. Nxc6 Bxc6
15. Bxd6 Qxd6 16. Ne5 Nd7 17. Nxc6 Qxc6 18. g3 Rxe1 19. Qxe1 Nf6 20. Bg2 Re8
21. Qd2 Qe6 22. c3 Qe2 23. Rd1 Qxd2 24. Rxd2 Re1+ 25. Bf1 Re8 26. Bg2 Re1+ 27.
Bf1 Re8 28. Re2 Rxe2 29. Bxe2 Kf8 30. Kg2 Ke7 31. Kf3 Ke6 32. Kf4 h6 33. Bg4+
Nxg4 34. Kxg4 g6 35. f4 f5+ 36. Kf3 h5 37. h4 Kf7 38. Ke3 Ke7 39. Kd2 Kd6 40.
Kc2 Kc6 1/2-1/2

[Event "Ïåðâåíñòâî Ìîñêâû ïî øàõìàòàì 2015 ñðåäè"]
[Site "Moscow"]
[Date "2015.11.19"]
[Round "8.28"]
[White "Ìîðîçîâ, Ôåäîð."]
[Black "Êàçàêîâ, Ãëåá."]
[Result "1-0"]
[WhiteElo "1574"]
[BlackElo "1522"]
[PlyCount "131"]
[EventDate "2015.11.12"]

1. e4 c5 2. c3 d5 3. e5 Nc6 4. d4 Bf5 5. Bd3 Bxd3 6. Qxd3 e6 7. Nf3 Qb6 8. O-O
cxd4 9. cxd4 Nge7 10. Nbd2 Nf5 11. Nb3 a5 12. a4 Bb4 13. Rd1 O-O 14. Bd2 Bxd2
15. Rxd2 Rac8 16. Nc5 Qb4 17. Qc3 Rc7 18. g4 Qxc3 19. bxc3 Nfe7 20. Rb1 Rb8 21.
Rdb2 Ng6 22. Kf1 Kf8 23. Nxb7 Ke7 24. Nc5 Rxb2 25. Rxb2 Nf8 26. Ne1 Nd7 27.
Ned3 f6 28. f4 fxe5 29. fxe5 Nxc5 30. Nxc5 Kf7 31. Rb7 Rxb7 32. Nxb7 Kg6 33.
Kf2 Kg5 34. Kg3 h6 35. h4+ Kg6 36. Kf4 Kf7 37. Nd6+ Kg6 38. h5+ Kh7 39. g5 Kg8
40. g6 Kf8 41. Ke3 Ke7 42. c4 dxc4 43. Nxc4 Kd8 44. Ke4 Ke8 45. d5 exd5+ 46.
Kxd5 Kd7 47. e6+ Kc7 48. Kc5 Ne7 49. Nd6 Kd8 50. Ne4 Kc7 51. Ng3 Kd8 52. Kb5
Kc7 53. Kc5 Kd8 54. Kb6 Kc8 55. Kxa5 Kc7 56. Ka6 Kc6 57. a5 Kd6 58. Kb7 Nc6 59.
a6 Nd8+ 60. Kb6 Nxe6 61. a7 Nc7 62. Nf5+ Kd7 63. Nxg7 Nd5+ 64. Kb7 Nc7 65. Ne6
Nxe6 66. a8=Q 1-0

[Event "Ïåðâåíñòâî Ìîñêâû ïî øàõìàòàì 2015 ñðåäè"]
[Site "Moscow"]
[Date "2015.11.19"]
[Round "8.29"]
[White "Òðîôèìîâ, Áîðèñ."]
[Black "Ëóòàí, Ãëåá."]
[Result "0-1"]
[WhiteElo "1560"]
[BlackElo "1320"]
[PlyCount "140"]
[EventDate "2015.11.12"]

1. e4 c6 2. d4 d5 3. exd5 cxd5 4. c4 dxc4 5. Bxc4 e6 6. Nf3 Nf6 7. Nc3 Be7 8.
O-O O-O 9. Be3 b6 10. d5 exd5 11. Bxd5 Nxd5 12. Qxd5 Qxd5 13. Nxd5 Bd6 14. Rfd1
Nd7 15. Nxb6 Bxh2+ 16. Kxh2 Nxb6 17. Bxb6 axb6 18. Rd6 Rb8 19. Rc1 Be6 20. a3
Rfd8 21. Rxd8+ Rxd8 22. Rc6 Rb8 23. Nd4 Bd7 24. Rc7 Be8 25. Kg3 g6 26. Kf4 Rd8
27. Ke3 Rd6 28. b4 Kg7 29. b5 Kf6 30. a4 Bd7 31. Rb7 h5 32. Nc6 Bxc6 33. bxc6
Rxc6 34. Ra7 Ke6 35. Ra6 Kd6 36. Kf4 f6 37. Ra8 Rc4+ 38. Kg3 Kd7 39. a5 bxa5
40. Rxa5 Kd6 41. Ra6+ Rc6 42. Ra8 Ke5 43. Ra5+ Ke6 44. Ra8 Kf5 45. Ra5+ Ke6 46.
Ra8 Rc5 47. Ra4 Rd5 48. Re4+ Kf5 49. Ra4 g5 50. f3 h4+ 51. Kh3 Kg6 52. g3 hxg3
53. Kxg3 f5 54. Ra6+ Kh5 55. Ra2 f4+ 56. Kg2 Kg6 57. Re2 Kf5 58. Ra2 Rc5 59.
Rb2 Ke5 60. Rd2 Rd5 61. Re2+ Kd4 62. Kh3 Re5 63. Rxe5 Kxe5 64. Kg4 Kf6 65. Kh3
Kf5 66. Kg2 Ke5 67. Kf1 Kd4 68. Ke2 Kc3 69. Kd1 Kd3 70. Ke1 Ke3 0-1

[Event "Ïåðâåíñòâî Ìîñêâû ïî øàõìàòàì 2015 ñðåäè"]
[Site "Moscow"]
[Date "2015.11.19"]
[Round "8.30"]
[White "Êàðàåâ, Àðòóð."]
[Black "Àðáóçîâ, Òèìîôåé."]
[Result "1-0"]
[WhiteElo "1462"]
[BlackElo "1701"]
[PlyCount "99"]
[EventDate "2015.11.12"]

1. e4 c6 2. d4 d5 3. e5 Bf5 4. Bd3 Bxd3 5. Qxd3 e6 6. a3 Qa5+ 7. Nd2 Qa6 8.
Qxa6 Nxa6 9. Nb3 Ne7 10. Ne2 b6 11. Bf4 c5 12. O-O Nc6 13. Rac1 c4 14. Nd2 b5
15. Be3 Nc7 16. Ra1 a5 17. b3 Kd7 18. a4 cxb3 19. cxb3 b4 20. Rac1 Be7 21. Rc2
Rhc8 22. Rfc1 Na6 23. Nf3 f6 24. Nf4 Nd8 25. Nh5 Rxc2 26. Rxc2 fxe5 27. Nxe5+
Kd6 28. Nxg7 Bf6 29. Ne8+ Ke7 30. Nxf6 Kxf6 31. h4 Nf7 32. Nxf7 Kxf7 33. Bf4
Ke7 34. g4 Kd7 35. Kh2 Re8 36. h5 e5 37. Bxe5 Rxe5 38. dxe5 d4 39. Rc4 Ke6 40.
Rc6+ Kxe5 41. Rxa6 d3 42. Ra8 Kd4 43. f4 d2 44. f5 Kc3 45. Rd8 Kxb3 46. Rxd2
Kxa4 47. f6 b3 48. f7 b2 49. Rxb2 h6 50. Rb8 1-0

[Event "Ïåðâåíñòâî Ìîñêâû ïî øàõìàòàì 2015 ñðåäè"]
[Site "Moscow"]
[Date "2015.11.19"]
[Round "8.31"]
[White "Èâàíîâ, Åãîð."]
[Black "Êàëèòà, Äàíèèë."]
[Result "0-1"]
[WhiteElo "1348"]
[BlackElo "1448"]
[PlyCount "92"]
[EventDate "2015.11.12"]

1. d4 g6 2. Nf3 Bg7 3. Bf4 c5 4. e3 d5 5. c3 Nc6 6. Nbd2 b6 7. Bd3 Bb7 8. h3
Nf6 9. Ne5 Rc8 10. Ndf3 O-O 11. Qe2 c4 12. Bc2 b5 13. O-O a5 14. g4 h5 15. g5
Nd7 16. Bg3 Ndxe5 17. Nxe5 Nxe5 18. dxe5 Qd7 19. Kh2 Rcd8 20. f4 Bc8 21. f5 h4
22. Bf4 gxf5 23. Qh5 Qe6 24. Qxh4 Bxe5 25. Qg3 Bxf4 26. Qxf4 Kg7 27. Bxf5 Qxf5
28. Qd4+ e5 29. Rxf5 exd4 30. Rf3 dxe3 31. Rxe3 Rde8 32. Rae1 Re6 33. h4 Rfe8
34. Rxe6 Rxe6 35. Rxe6 Bxe6 36. Kg3 b4 37. Kf4 f6 38. h5 b3 39. a3 Bg8 40. Kf5
fxg5 41. Kxg5 Bh7 42. Kf4 Kf6 43. h6 d4 44. cxd4 c3 45. bxc3 b2 46. d5 b1=Q 0-1

[Event "Ïåðâåíñòâî Ìîñêâû ïî øàõìàòàì 2015 ñðåäè"]
[Site "Moscow"]
[Date "2015.11.19"]
[Round "8.32"]
[White "Ôåéçóëëèí, Äàíèÿð."]
[Black "Èëüþøèí, Òèìîôåé."]
[Result "0-1"]
[WhiteElo "1419"]
[BlackElo "1336"]
[PlyCount "38"]
[EventDate "2015.11.12"]

1. e4 e6 2. d4 d5 3. e5 c5 4. c3 Nc6 5. Nf3 Nge7 6. Bd3 cxd4 7. cxd4 Nf5 8.
Bxf5 exf5 9. Nc3 Be7 10. O-O Be6 11. a3 Rc8 12. Re1 a6 13. h3 O-O 14. Ne2 Kh8
15. Qd2 Na5 16. Nf4 Nb3 17. Nxe6 fxe6 18. Qd3 Nxa1 19. Bd2 Nc2 0-1

[Event "Ïåðâåíñòâî Ìîñêâû ïî øàõìàòàì 2015 ñðåäè"]
[Site "Moscow"]
[Date "2015.11.19"]
[Round "8.35"]
[White "Øèÿôåòäèíîâ, Äàíèèë."]
[Black "Ïåòóõîâ, Íèêèòà."]
[Result "0-1"]
[WhiteElo "1334"]
[BlackElo "1246"]
[PlyCount "74"]
[EventDate "2015.11.12"]

1. d4 Nf6 2. c4 e6 3. Nc3 Bb4 4. a3 Bxc3+ 5. bxc3 b6 6. Bf4 d6 7. e3 Bb7 8. Nf3
Nbd7 9. Be2 O-O 10. O-O Re8 11. Bg3 Ne4 12. Qc2 Nxg3 13. hxg3 e5 14. d5 Nc5 15.
Ne1 Ba6 16. Rb1 g6 17. Nf3 Qe7 18. Nd2 Bc8 19. Qd1 f5 20. Bf3 Bd7 21. Qc1 Ba4
22. Be2 f4 23. e4 g5 24. g4 Kg7 25. f3 Rh8 26. Kf2 h5 27. gxh5 Rxh5 28. Rh1
Rah8 29. Rxh5 Rxh5 30. Qg1 Qf6 31. g4 Rh4 32. Rf1 Qh6 33. Ke1 Rh3 34. Bd1 Nd3+
35. Ke2 Nc1+ 36. Ke1 Qh4+ 37. Qf2 Nd3+ 0-1